000 00248nam a22001097a 4500
999 _c67055
_d67052
082 _aABD
100 _aAbdul Waheed Khan
245 _aLife Of Prphet Muhammad (PBUH)
260 _aKarachi
_bWorld Trade Publishers
_c2013
300 _a47
942 _cBK